000 00724nam a2200265 i 4500
001 C2-0284350
003 PPAK
005 20180728014223.0
008 071204s1993 my a|||| ||||| | eng d
020 _a983847052X
040 _aPPAK
_beng
_cPPAK
_erda
082 0 4 _a428.6
_223
090 0 0 _a428.6
_bSAV
_dK
100 1 _aSavin, S.S.,
_eauthor
245 1 4 _aThe tiger escapes
264 1 _aKepong, Selangor :
_bBuku Must ,
_c1993
300 _a23 pages :
_billustrations ;
_c26 cm
336 _2rdacontent
_atext
337 _2rdamedia
_aunmediated
338 _2rdacarrier
_avolume
490 1 _aSunshines stories for children
650 1 0 _aReaders.
830 0 _aSunshines stories for children
942 _ddc
_cB
999 _c90325
_d90325